| 000 | 01259pam a2200313 a 4500 | ||
|---|---|---|---|
| 001 | 2960798 | ||
| 003 | ARRUPE | ||
| 005 | 20130927110845.0 | ||
| 008 | 910716s1991 nyu b 001 0 eng | ||
| 010 | _a 91027967 | ||
| 020 |
_a0883447746 : _c$13.95 |
||
| 040 |
_aDLC _cDLC _dDLC |
||
| 043 | _an-us--- | ||
| 050 | 0 | 0 |
_aBT82.7 _b.C87 1991 |
| 245 | 0 | 0 |
_aCut loose your stammering tongue : _bblack theology in the slave narratives / _cedited by Dwight N. Hopkins and George C.L. Cummings. |
| 260 |
_aMaryknoll, N.Y. : _bOrbis Books, _cc1991. |
||
| 300 |
_axxiii, 168 p. ; _c21 cm. |
||
| 504 | _aIncludes bibliographical references (p. 149-164) and index. | ||
| 650 | 0 |
_aBlack theology _xHistory. _91573 |
|
| 650 | 0 |
_aSlaves' writings, American _xHistory and criticism. _91574 |
|
| 650 | 0 |
_aSlaves _zUnited States _xIntellectual life. _91575 |
|
| 650 | 0 |
_aSlaves _zUnited States _xReligious life. _91576 |
|
| 650 | 0 |
_aAfrican Americans _xReligion. _91577 |
|
| 700 | 1 |
_aHopkins, Dwight N. _91578 |
|
| 700 | 1 |
_aCummings, George C. L. _91579 |
|
| 906 |
_a7 _bcbc _corignew _d1 _eocip _f19 _gy-gencatlg |
||
| 942 |
_2lcc _cMONOGRAPH |
||
| 999 |
_c118119 _d118119 |
||